000 00654ntaaa2200205 4500
003 01
005 20251027201718.0
008 0714s1973 ag 01
040 _aAR-BaBN
_bspa
_cAR-BaBN
_eaacr
_dRIC
082 _a234.0000 R24r
100 _aRideau, E.
_915666
245 _aRedencion del universo
250 _a1 ed.
260 _aBuenos Aires :
_bHeroica,
_c1960
300 _a101 p
500 _aContenido: E.Rideau - Cristianismo y liberación del hombre; F.Scalvini - La encarnación como consagración del universo entero; S.Lyonnet - Redención del universo
700 _aScalvini, F.
_915667
700 _aLyonnet, S.
_915668
942 _cBK
999 _c11767
_d11767